1149 1689 1944 1761 1888 1335 1870 1780 1925 1993 1851 1463 1201 1288 1116 1632 1953 1460 1729 1640 1021 1298 1982 1554 1286 1469 1035 1133 1875 1784 1796 1256 1737 1643 1938 1081 1258 1851 1458 1146 1951 1883 1546 1221 1437 1411 1421 1980 1383 1624 1907 1279 1085 1404 1534 1289 1165 1470 1187 1132 1697 1857 1210 1276 1459 1914 1606 1530 1323 1235 1485 1341 1697 1361 1502 1508 1036 1317 1200 1840 1494 1023 1947 1792 1488 1126 1552 1623 1279 1131 1477 1981 1003 1760 1892 1863 1353 1485 1440 BCNSPRNW ULIB Ver.6.0+V

เปลี่ยนเป็นภาษาไทย

Change to English
 แสดงรายละเอียดบรรณานุกรม
  กลับหน้าหลัก

Brief Record : Get Marc (ISO 2709) : E-mail record : QR code < ปิดหน้าต่าง
LEADER : 00000nam 2200000uu 4500
001    13399128223
003     ULIB
008    220816s2021||||th 000 0 tha d
020    ^a9780323673990
060 04 ^aWY18.2^bZ58F
100 1  ^aZerwekh, JoAnn
245 10 ^aFamily nurse practitioner :^bCertification review /^cJoAnnZerwekh
250    ^a4th ed.
260    ^aSt. Louis,MO :^bElsevier,^c2021
300    ^axv, 352 p. :^bill. ;^c28 cm.
504    ^aIncludes bibliographical references and index
650  2 ^aNursing Care^vExamination Questions
650  2 ^aFamily Practice^vExamination Questions
650  2 ^aNurse Practitioners^vExamination Questions
945    ^p0^l0^i009328
999    ^aประนอม เกษจรัล
รายการนี้ยังไม่มีแท็ก
คุณยังไม่ได้ล็อกอิน คุณสามารถมีกิจกรรมร่วมกับเว็บไซต์ได้ แต่ต้องล็อกอินก่อน ::
  ล็อกอิน

รายการสื่อสารสนเทศ

ลำดับที่ ประเภท เลขเรียก/บาร์โค้ด สถานที่ สถานะ
1. Book การพยาบาล
หนังสือสำรอง
สถานะ=หนังสือสำรอง
WY18.2 Z58F ฉ.1 
  Barcode: 009328
ห้องสมุดวิทยาเขตสวรรค์ประชารักษ์
►หนังสือทั่วไป
ถูกยืม กำหนดส่งวันที่ 6 มิถุนายน 2568
  จอง

รายการใกล้เคียง
    ผู้แต่ง [Zerwekh, JoAnn]

BibComment


ยังไม่เคยถูกคอมเมนท์

คอมเมนท์ทรัพยากรรายการนี้
  คอมเมนท์: Family nurse pra..


 Copyright 2026. Bcnsprnw @Library